Top 100 máximos goleadores de la historia - Estadísticas

Estadísticas generales
  • Esta prueba ha sido intentada 258 veces
  • La puntuación promedio es 24 de 100
Estadísticas de respuestas
# Goles Partidos Jugadores % Correcto
1 943 1286 Cristiano Ronaldo
100%
2 879 1120 Lionel Messi
99%
4 770 812 Pelé
96%
15 596 1020 Luis Suárez
90%
33 501 957 Karim Benzemá
83%
8 696 987 Robert Lewandowski
82%
47 445 736 Neymar
81%
91 382 522 Kylian Mbappé
77%
11 640 728 Gerd Müller
76%
6 760 746 Ferenc Puskás
73%
5 761 963 Romário
70%
17 573 988 Zlatan Ibrahimović
70%
24 524 720 Alfredo Di Stéfano
69%
54 427 826 David Villa
65%
46 446 1033 Rivaldo
65%
76 395 710 Ronaldinho
64%
69 411 917 Thierry Henry
60%
42 455 689 Harry Kane
59%
56 426 786 Sergio Agüero
58%
62 414 616 Ronaldo Nazário
57%
55 427 882 Samuel Eto'o
57%
39 464 884 Edinson Cavani
54%
100 366 783 Gonzalo Higuaín
49%
27 513 879 Hugo Sánchez
49%
96 370 805 Didier Drogba
48%
90 383 760 Mohammed Salah
48%
22 555 648 Eusébio
44%
53 432 1034 Raúl González
43%
35 493 712 Johan Cruyff
42%
3 805 530 Josef Bican
40%
88 384 662 Ruud Van Nistelrooy
38%
92 382 733 Alan Shearer
34%
28 511 773 Zico
33%
72 404 798 Romelu Lukaku
31%
80 391 815 Andriy Shevchenko
28%
87 384 426 Telmo Zarra
18%
43 455 1040 Edin Džeko
16%
49 440 876 Hulk
13%
82 390 773 Pierre Aubameyang
13%
30 505 ? Sándor Kocsis
13%
83 389 ? Alex
11%
78 393 883 Robbie Keane
10%
70 409 741 Klaas-Jan Huntelaar
9%
29 506 493 Ferenc Bene
7%
65 412 816 Fred
7%
48 442 601 Dixie Dean
6%
93 381 721 Luís Fabiano
6%
38 466 661 Jimmy Greaves
5%
18 567 653 Uwe Seeler
5%
44 451 678 Alberto Spencer
4%
9 659 614 Jimmy Jones
4%
10 645 650 Abe Lenstra
3%
52 434 605 Carlos Bianchi
3%
19 563 1047 Glenn Ferguson
3%
34 498 548 Gunnar Nordahl
3%
99 366 425 Hughie Ferguson
3%
32 504 415 Isidro Lángara
3%
25 514 839 Roberto Dinamite
3%
77 393 734 Roger Milla
3%
51 435 860 Sebastián Abreu
3%
37 476 567 Ali Ashfaq
2%
21 557 562 Arthur Friedenreich
2%
58 425 ? Dadá
2%
63 412 796 Dejan Damjanović
2%
40 461 709 Delio Onnis
2%
50 438 803 Eran Zahavi
2%
7 702 ? Erwin Helmchen
2%
16 576 400 Ferenc Deák
2%
13 610 374 Fernando Peyroteo
2%
81 390 425 Fritz Walter
2%
26 513 ? Gyula Zsengellér
2%
57 425 587 Hans Krankl
2%
23 554 ? Imre Schlosser
2%
45 449 556 Jef Mermans
2%
20 558 549 Jimmy McGrory
2%
12 634 ? Joe Bambrick
2%
86 385 ? Magno Alves
2%
14 609 970 Max Morlock
2%
71 407 901 Óscar Cardozo
2%
97 368 622 Osvaldo Castro
2%
36 480 554 Stjepan Bobek
2%
68 411 888 Vágner Love
2%
85 386 500 Albert De Cleyn
1%
41 461 733 Aleksandar Durić
1%
64 412 816 Ally McCoist
1%
95 372 721 Bader Al-Mutawa
1%
74 398 617 Cabinho
1%
75 396 740 Carlos Hermosillo
1%
66 411 486 Ferenc Szusza
1%
31 505 ? György Sárosi
1%
60 416 567 Hughie Gallacher
1%
61 416 576 John Aldridge
1%
84 387 417 José Águas
1%
59 418 388 József Takacs
1%
67 411 598 Juan Plata
1%
89 383 513 Omar Al Soma
1%
73 398 594 Túlio Maravilha
1%
79 392 526 Víctor Hugo Antelo
1%
98 367 507 Firas Al-Khatib
0%
94 381 774 Ricardo Olivieira
0%
No se encontraron pruebas coincidentes
Distribución de puntuación
Porcentaje de gente con cada puntuación
Porcentaje por número respondido
Historial de tus puntuaciones
No has intentado esta prueba.